| 000 | 00443nab a2200145Ia 4500 | ||
|---|---|---|---|
| 003 | ES-SlBCS | ||
| 005 | 20210601124328.0 | ||
| 008 | 140529s1997 xxu||||| |||| 00| 0 eng d | ||
| 041 | _aeng | ||
| 100 | 1 |
_aWorsfold, Victor L. _9139841 |
|
| 245 | 0 | 0 |
_aTeaching Democracy Democratically _c Victor L. Worsfold |
| 650 | 0 | 4 |
_aDemocracia-Enseñanza _9139842 |
| 773 | 0 |
_tEducational Theory _gvol. 47, nº. 3, 1997, págs. 395-410 _wRev1399 |
|
| 942 | _cAR | ||
| 999 |
_c513020 _d513020 |
||